| 000 | 00904nac a22002771i 4500 | ||
|---|---|---|---|
| 003 | EG-ScBUE | ||
| 005 | 20260419114200.0 | ||
| 008 | 090121t1998 nyua f b 001 0 eng d | ||
| 020 | _a0471968560 | ||
| 020 | _a9780471968566 | ||
| 040 |
_aEG-ScBUE _beng _erda _cEG-ScBUE _dEG-ScBUE |
||
| 082 | 0 | 4 |
_a551.442 _bTHO _222 |
| 100 | 1 |
_aThorne, C. R., _eauthor. |
|
| 245 | 1 | 0 |
_aStream reconnaissance handbook : _bGeomorphological investigation and analysis of river channels / _cColin R. Thorne |
| 264 | 1 |
_aNew York : _bJohn Wiley, _c[1998] |
|
| 264 | 1 | _cc1998 | |
| 300 |
_a133 pages : _billustrations (some color) ; _c23 cm |
||
| 336 |
_2rdacontent _atext _btxt |
||
| 337 |
_aunmediated _2rdamedia _bn |
||
| 338 |
_avolume _bnc _2rdacarrier |
||
| 504 | _a Includes bibliographical references and index. | ||
| 650 | 7 |
_aValleys. _2BUEsh |
|
| 650 | 7 |
_aRivers. _2BUEsh |
|
| 655 | _vReading book | ||
| 942 |
_cBB _2ddc |
||
| 999 |
_c9674 _d9674 |
||